[Event "Bayern-chI Bank Hofmann 26th"]
[Site "Tegernsee"]
[Date "2023.11.01"]
[Round "5"]
[White "Brandt, Sebastian"]
[Black "Besou, Hussain"]
[Result "0-1"]
[WhiteElo "2188"]
[BlackElo "2351"]
[PlyCount "150"]
[EventDate "2023.10.28"]
[EventType "swiss"]
[EventRounds "9"]
[EventCountry "GER"]
[SourceTitle "Mega2024 Update 01"]
[Source "Chessbase"]
[SourceDate "2023.11.12"]
[SourceVersion "1"]
[SourceVersionDate "2023.11.12"]
[SourceQuality "1"]

1. d4 Nf6 2. c4 e6 3. Nc3 Bb4 4. f3 c5 5. a3 Bxc3+ 6. bxc3 d5 7. cxd5 Nxd5 8. dxc5 Nd7 9. e4 N5f6 10. Be3 Qa5 11. Qd4 0-0 12. Ne2 e5 13. Qb4 Qc7 14. c4 Nb8 15. Nc3 Nc6 16. Qb5 Bd7 17. Nd5 Nxd5 18. cxd5 Nd4 19. Qc4 Qa5+ 20. Bd2 Qd8 21. Be3 Qa5+ 22. Kf2 f5 23. Bxd4 exd4 24. Qxd4 fxe4 25. Be2 Rae8 26. Rhc1 e3+ 27. Kf1 Bb5 28. Qb4 Bxe2+ 29. Kxe2 Qa6+ 30. Qc4 Qg6 31. d6+ Kh8 32. Qg4 Qxg4 33. fxg4 Rf2+ 34. Kd3 Rd2+ 35. Kc3 Rc8 36. Kb4 e2 37. Re1 Kg8 38. Rac1 Kf7 39. Rc4 Re8 40. Rf4+ Kg6 41. Rf2 Re3 42. Kc4 h6 43. a4 Re4+ 44. Kc3 Rd5 45. Rfxe2 Rxc5+ 46. Kb3 Rd4 47. Re6+ Kh7 48. Re7 Rxd6 49. Rxb7 a5 50. Re2 Rd3+ 51. Kb2 Rd4 52. Kb3 Rxg4 53. h3 Rg3+ 54. Kb2 Rcg5 55. Rb5 Rxg2 56. Rxg2 Rxg2+ 57. Kc3 Rg3+ 58. Kd4 Rxh3 59. Rxa5 h5 60. Re5 Kh6 61. Re3 Rh4+ 62. Re4 Rh1 63. a5 Ra1 64. Re6+ g6 65. Re5 h4 66. Rb5 g5 67. Ke4 Kh5 68. Kf3 Ra3+ 69. Kg2 h3+ 70. Kh2 Kh4 71. Rc5 g4 72. Kg1 Kg3 73. Rc1 h2+ 74. Kh1 Kh3 75. a6 g3 0-1

[Event "Pfalz op-A 9th"]
[Site "Neustadt an der Weinstrasse"]
[Date "2018.02.12"]
[Round "7"]
[White "Donchenko, Anatoly G"]
[Black "Brandt, Sebastian"]
[Result "1/2-1/2"]
[WhiteElo "2320"]
[BlackElo "2199"]
[PlyCount "116"]
[EventDate "2018.02.09"]
[EventType "swiss"]
[EventRounds "9"]
[EventCountry "GER"]
[SourceTitle "CBM 182 Extra"]
[Source "ChessBase"]
[SourceDate "2018.02.23"]
[SourceVersion "1"]
[SourceVersionDate "2018.02.23"]
[SourceQuality "1"]

1. d4 d5 2. c4 e6 3. Nf3 c6 4. Qc2 dxc4 5. Qxc4 Nf6 6. Bg5 Be7 7. g3 h6 8. Bxf6 Bxf6 9. Nc3 b6 10. Bg2 Ba6 11. Qa4 b5 12. Qc2 Bb7 13. 0-0 0-0 14. Rfd1 Qb6 15. Ne4 Nd7 16. Rac1 Rfd8 17. Nd6 Ba6 18. Qxc6 Qxc6 19. Rxc6 Nb8 20. Rxa6 Nxa6 21. Nxb5 Rab8 22. a4 Nc5 23. Nxa7 Rxb2 24. e3 Nxa4 25. Nc6 Rc8 26. Rc1 Kf8 27. Ne1 Rb3 28. Ra1 Nb6 29. Nc2 Be7 30. Nxe7 Rxc2 31. Be4 Rd2 32. Nc6 Rbb2 33. Rf1 f5 34. Bh1 Nc4 35. Rc1 Na3 36. Ne5 Rdc2 37. Ra1 Rb1+ 38. Rxb1 Nxb1 39. Bf3 Nc3 40. h4 g5 41. hxg5 hxg5 42. g4 Ke7 43. Kg2 Nb5 44. Bc6 Nd6 45. Bf3 Rd2 46. Kg3 Kf6 47. Nd7+ Kg7 48. Ne5 f4+ 49. exf4 gxf4+ 50. Kxf4 Rxd4+ 51. Kg3 Kf6 52. Nd7+ Ke7 53. Ne5 Ra4 54. Bg2 Ra3+ 55. Kf4 Nf7 56. Nxf7 Kxf7 57. Be4 Ra2 58. f3 Ra5 1/2-1/2

[Event "NRW Class2 1718"]
[Site "Germany"]
[Date "2017.12.17"]
[Round "4.3"]
[White "Koellner, Ruben Gideon"]
[Black "Brandt, Sebastian"]
[Result "0-1"]
[WhiteElo "2146"]
[BlackElo "2183"]
[PlyCount "68"]
[EventDate "2017.09.17"]
[EventType "team-tourn"]
[EventRounds "9"]
[EventCountry "GER"]
[SourceTitle "EXT 2019"]
[Source "ChessBase"]
[SourceDate "2018.10.10"]
[SourceVersion "1"]
[SourceVersionDate "2018.10.10"]
[SourceQuality "1"]
[WhiteTeam "Bochum SG II"]
[BlackTeam "Godesberg"]
[WhiteTeamCountry "GER"]
[BlackTeamCountry "GER"]

1. d4 Nf6 2. Bg5 c5 3. Bxf6 gxf6 4. d5 Qb6 5. Qc1 f5 6. c4 Bh6 7. e3 f4 8. exf4 Bxf4 9. Qxf4 Qxb2 10. Ne2 d6 11. Nec3 Qxa1 12. Qd2 Rg8 13. g3 a6 14. Bd3 b5 15. cxb5 axb5 16. Bxb5+ Bd7 17. Bc4 Bh3 18. Qc2 Rg6 19. Ke2 Na6 20. Bxa6 Rxa6 21. Qb3 Ra8 22. a3 Kf8 23. Rd1 Bf5 24. a4 c4 25. Qb4 Bc2 26. Re1 Bb3 27. Na3 Qb2+ 28. Ke3 Rf6 29. Re2 Qc1+ 30. Rd2 Rxf2 31. Ne2 Qe1 32. Qb7 Re8 33. Nb5 Rf5 34. Rd4 Re5+ 0-1

[Event "Deizisau op 11th"]
[Site "Deizisau"]
[Date "2016.10.31"]
[Round "6"]
[White "Hoeglauer, Patrick"]
[Black "Brandt, Sebastian"]
[Result "1-0"]
[WhiteElo "2140"]
[BlackElo "2181"]
[PlyCount "201"]
[EventDate "2016.10.28"]
[EventType "swiss"]
[EventRounds "7"]
[EventCountry "GER"]
[SourceTitle "EXT 2018"]
[Source "ChessBase"]
[SourceDate "2017.10.13"]
[SourceVersion "1"]
[SourceVersionDate "2017.10.13"]
[SourceQuality "1"]

1. d4 d5 2. c4 e6 3. Nc3 Bb4 4. Qa4+ Nc6 5. e3 Nf6 6. Nf3 0-0 7. Qc2 Re8 8. Bd2 Bf8 9. a3 Ne7 10. Rc1 c6 11. Bd3 Ng6 12. 0-0 Bd6 13. e4 dxe4 14. Nxe4 Nxe4 15. Bxe4 Bd7 16. Rfe1 Qc7 17. Bc3 Rad8 18. b4 Bf4 19. Rcd1 a6 20. g3 Bd6 21. c5 Be7 22. Ne5 Bc8 23. f4 Nf8 24. Qe2 g6 25. Bc2 Bf6 26. Qf3 Nd7 27. g4 Bg7 28. g5 Rf8 29. Bb3 Rfe8 30. Re3 Nxe5 31. fxe5 Qe7 32. Qf4 Qf8 33. Rh3 Kh8 34. Rdd3 Qg8 35. Bc2 Bf8 36. Rh4 Be7 37. Rdh3 h5 38. Bd2 Bd7 39. Qf3 Qg7 40. Kh1 Kg8 41. Rf4 Rf8 42. Rg3 Bc8 43. Be3 Rd7 44. Rg1 Bd8 45. Be4 Rc7 46. Rh4 Bd7 47. Rf1 Be8 48. Rh3 Be7 49. Rg3 Bd8 50. Rg2 Be7 51. Rgf2 Kh8 52. Bd3 Rc8 53. Qe4 Kg8 54. Bc4 Bd7 55. Qd3 Ra8 56. Qb3 Rad8 57. Rf3 Ra8 58. Rh3 Rfd8 59. Rff3 Rf8 60. Rh4 Rfd8 61. Rfh3 Rf8 62. Qd1 Be8 63. Be2 Rd8 64. Bxh5 gxh5 65. Qxh5 f5 66. Qh8+ Qxh8 67. Rxh8+ Kg7 68. R8h7+ Kg8 69. Rxe7 f4 70. Bf2 Bg6 71. Rh6 Be4+ 72. Kg1 a5 73. bxa5 Rf5 74. h4 Rxe5 75. dxe5 Rd1+ 76. Be1 Rxe1+ 77. Kf2 Rb1 78. Rf6 Rb2+ 79. Ke1 Rb1+ 80. Kd2 Rb2+ 81. Kc3 Rc2+ 82. Kd4 Bf5 83. h5 Rd2+ 84. Kc3 Rd3+ 85. Kc4 Rd8 86. Rexe6 Bxe6+ 87. Rxe6 Rd1 88. Rf6 Rg1 89. e6 Re1 90. Rxf4 Rxe6 91. Kd4 Re8 92. Re4 Rd8+ 93. Ke5 b5 94. axb6 Rd5+ 95. Kf6 Rd8 96. Ke7 Rd5 97. b7 Kg7 98. b8Q Kh7 99. g6+ Kh6 100. Qh8+ Kg5 101. Re5+ 1-0

[Event "SUI-chT"]
[Site "Switzerland"]
[Date "2015.04.25"]
[Round "2.6"]
[White "Brandt, Sebastian"]
[Black "Hort, Vlastimil"]
[Result "1/2-1/2"]
[WhiteElo "2100"]
[BlackElo "2450"]
[PlyCount "89"]
[EventDate "2015.03.29"]
[EventType "team-tourn"]
[EventRounds "9"]
[EventCountry "SUI"]
[SourceTitle "EXT 2016"]
[Source "ChessBase"]
[SourceDate "2015.10.08"]
[SourceVersion "1"]
[SourceVersionDate "2015.10.08"]
[SourceQuality "1"]
[WhiteTeam "Reti"]
[BlackTeam "Luzern"]
[WhiteTeamCountry "SUI"]
[BlackTeamCountry "SUI"]

1. e4 c6 2. d4 d5 3. f3 g6 4. Be3 Bg7 5. Qd2 dxe4 6. Nc3 Nf6 7. 0-0-0 exf3 8. Nxf3 Bg4 9. Bh6 Bxh6 10. Qxh6 Bxf3 11. gxf3 e6 12. Bc4 Nd5 13. Rhe1 Qd6 14. Bxd5 cxd5 15. Nb5 Qf8 16. Nc7+ Kd7 17. Qf4 g5 18. Qg3 Qd6 19. Nxa8 Qxg3 20. hxg3 Nc6 21. Rh1 h5 22. c3 Ne7 23. Rdf1 Nf5 24. Rfg1 h4 25. gxh4 gxh4 26. Rg5 Rxa8 27. Rxf5 exf5 28. Rxh4 Rg8 29. Rh2 Rg3 30. Rf2 f4 31. Kc2 Rh3 32. b3 b5 33. Kd3 Kd6 34. c4 bxc4+ 35. bxc4 dxc4+ 36. Kxc4 Rh1 37. Rg2 Rf1 38. Kd3 Rxf3+ 39. Ke4 Rf1 40. Rb2 f3 41. Rb7 f2 42. Ke3 Ra1 43. Kxf2 Rxa2+ 44. Ke3 Ke6 45. d5+ 1/2-1/2

[Event "Mittelrhein Regionalliga 1314"]
[Site "Mittelrhein"]
[Date "2014.04.06"]
[Round "9.2"]
[White "Schipp, Cyrill"]
[Black "Brandt, Sebastian"]
[Result "1-0"]
[WhiteElo "1974"]
[BlackElo "2120"]
[PlyCount "141"]
[EventDate "2013.09.15"]
[EventType "team-tourn"]
[EventRounds "11"]
[EventCountry "GER"]
[SourceTitle "EXT 2023"]
[Source "ChessBase"]
[SourceDate "2022.10.05"]
[SourceVersion "1"]
[SourceVersionDate "2022.10.05"]
[SourceQuality "1"]
[WhiteTeam "Langenfeld II"]
[BlackTeam "Godesberg III"]
[WhiteTeamCountry "GER"]
[BlackTeamCountry "GER"]

1. e4 c5 2. Nf3 Nc6 3. Bb5 Nf6 4. Bxc6 dxc6 5. Nc3 g6 6. 0-0 Bg7 7. d3 0-0 8. h3 Qc7 9. Be3 b6 10. Qc1 e5 11. a4 Nh5 12. a5 Ba6 13. Re1 Rfd8 14. Na4 Bb5 15. Nc3 Ba6 16. Na4 Bb5 17. Nc3 Rab8 18. axb6 axb6 19. b3 Ra8 20. Nxb5 cxb5 21. g3 Qc6 22. Rxa8 Rxa8 23. Qb2 f5 24. Bd2 fxe4 25. dxe4 Rf8 26. Qc3 Qd7 27. Kg2 b4 28. Qc4+ Kh8 29. Bc1 Qf7 30. Qxf7 Rxf7 31. Bb2 Re7 32. Rd1 h6 33. Rd6 Nf6 34. Nxe5 Nxe4 35. Nxg6+ Kh7 36. Nxe7 Nxd6 37. Bxg7 Kxg7 38. Nd5 b5 39. f4 Kf7 40. Kf3 Ke6 41. Ne3 c4 42. g4 cxb3 43. cxb3 Nb7 44. Nf1 Nc5 45. Nd2 Kd5 46. Ke3 Ne6 47. h4 h5 48. g5 Nd4 49. Kd3 Nf5 50. Nf3 Kd6 51. Nd4 Nxh4 52. Ke4 Ng2 53. Nf5+ Ke6 54. Ng7+ Kf7 55. Nxh5 Kg6 56. Nf6 Ne1 57. Ng4 Nc2 58. Ne5+ Kh5 59. g6 Kh6 60. f5 Kg7 61. Nf3 Kf6 62. Kd3 Na3 63. Nd2 Kg7 64. Ne4 Nb1 65. Kd4 Kh6 66. Kd3 Na3 67. Kd2 Kg7 68. Kc1 Kh6 69. Kb2 Kg7 70. Nc5 Kf6 71. Nd3 1-0

[Event "Mittelrhein-ch"]
[Site "Germany"]
[Date "2013.05.29"]
[Round "1"]
[White "Brandt, Sebastian"]
[Black "Flatten, Arnold"]
[Result "1/2-1/2"]
[WhiteElo "2128"]
[BlackElo "1964"]
[PlyCount "72"]
[EventDate "2013.05.29"]
[EventType "swiss"]
[EventRounds "5"]
[EventCountry "GER"]
[SourceTitle "EXT 2015"]
[Source "ChessBase"]
[SourceDate "2014.11.20"]
[SourceVersion "1"]
[SourceVersionDate "2014.11.20"]
[SourceQuality "1"]

1. e4 e6 2. d4 d5 3. Nc3 Bb4 4. e5 c5 5. a3 Bxc3+ 6. bxc3 Qc7 7. Qg4 f5 8. Qg3 cxd4 9. cxd4 Ne7 10. Bd2 0-0 11. Bd3 Nbc6 12. Ne2 Na5 13. Bb4 Nc4 14. Bxc4 dxc4 15. 0-0 Rf7 16. Nc3 Qc6 17. Qh4 g5 18. Qh6 Bd7 19. f3 Nd5 20. Nxd5 Qxd5 21. Qxg5+ Rg7 22. Qh4 Bc6 23. c3 Qd7 24. Rae1 Rf7 25. Re3 Kh8 26. Re2 Rg8 27. Rff2 Rg6 28. Qf4 b6 29. Bd6 Qb7 30. Kf1 h6 31. Qh4 Kh7 32. Bb4 Rg5 33. Ra2 f4 34. a4 Kg6 35. Ba3 Qd7 36. g4 fxg3 1/2-1/2

[Event "Regionalliga Mittelrhein 1213"]
[Site "Germany"]
[Date "2013.04.14"]
[Round "9.2"]
[White "Brandt, Sebastian"]
[Black "Keller, Karsten"]
[Result "1-0"]
[WhiteElo "2116"]
[BlackElo "2134"]
[PlyCount "51"]
[EventDate "2012.09.09"]
[EventType "team"]
[EventRounds "11"]
[EventCountry "GER"]
[SourceTitle "EXT 2015"]
[Source "ChessBase"]
[SourceDate "2014.11.20"]
[SourceVersion "1"]
[SourceVersionDate "2014.11.20"]
[SourceQuality "1"]
[WhiteTeam "Godesberg IV"]
[BlackTeam "Langenfeld II"]
[WhiteTeamCountry "GER"]
[BlackTeamCountry "GER"]

1. e4 e6 2. d4 d5 3. Nc3 Nf6 4. Bg5 Bb4 5. e5 h6 6. exf6 hxg5 7. fxg7 Rg8 8. h4 Nc6 9. h5 Rxg7 10. Qd3 Qf6 11. a3 Bxc3+ 12. bxc3 e5 13. h6 Rg8 14. dxe5 Nxe5 15. Qxd5 c6 16. Qd4 Bg4 17. Be2 Rd8 18. Qe3 Kd7 19. h7 Rge8 20. 0-0-0+ Kc7 21. Rxd8 Rxd8 22. Bxg4 Nd3+ 23. Qxd3 Rxd3 24. h8Q Qf4+ 25. Kb2 f5 26. Qh2 1-0

[Event "Regionalliga Mittelrhein 1213"]
[Site "Germany"]
[Date "2012.09.30"]
[Round "2.2"]
[White "Hainke, Guntram"]
[Black "Brandt, Sebastian"]
[Result "1/2-1/2"]
[WhiteElo "2264"]
[BlackElo "2116"]
[PlyCount "146"]
[EventDate "2012.09.09"]
[EventType "team"]
[EventRounds "11"]
[EventCountry "GER"]
[SourceTitle "EXT 2015"]
[Source "ChessBase"]
[SourceDate "2014.11.20"]
[SourceVersion "1"]
[SourceVersionDate "2014.11.20"]
[SourceQuality "1"]
[WhiteTeam "Godesberg II"]
[BlackTeam "Godesberg IV"]
[WhiteTeamCountry "GER"]
[BlackTeamCountry "GER"]

1. d4 d5 2. c4 dxc4 3. Nf3 Nf6 4. e3 Be6 5. Ng5 Bd5 6. Nc3 h6 7. e4 hxg5 8. exd5 Nxd5 9. Bxc4 Nb6 10. Bb3 e6 11. Be3 c6 12. Qg4 Be7 13. 0-0-0 Na6 14. f4 Rh4 15. Qf3 gxf4 16. g3 Rh6 17. Bxf4 Bg5 18. Ne4 Bxf4+ 19. Qxf4 Nd5 20. Qe5 Kf8 21. Rdf1 Nab4 22. Rf3 Nf6 23. Rhf1 Rh5 24. Ng5 Kg8 25. Nxf7 Rxe5 26. Nxd8 Re2 27. Nxe6 Nbd5 28. Nf4 Rxh2 29. g4 Kh8 30. Ng6+ Kh7 31. Ne5 Rg2 32. Rh1+ Kg8 33. Rfh3 Kf8 34. Rh8+ Ng8 35. Rf1+ Ke7 36. Rf7+ Kd6 37. Rd7+ Ke6 38. Rxg7 Rf8 39. Rg6+ Ke7 40. Rh7+ Ke8 41. Re6+ Nge7 42. Bd1 Rg1 43. Nc4 Rff1 44. Ne3 Nxe3 45. Rhxe7+ Kd8 46. Rxe3 Rxd1+ 47. Kc2 Rxd4 48. Rxb7 Rgxg4 49. Rh3 Kc8 50. Rxa7 Kb8 51. Re7 Rc4+ 52. Kd3 Rcd4+ 53. Ke3 Rd8 54. Rhh7 Rgd4 55. Rb7+ Ka8 56. Ra7+ Kb8 57. Rhb7+ Kc8 58. Rb3 R4d7 59. Rxd7 Rxd7 60. a3 Kc7 61. Rd3 Rh7 62. Kd4 Rh4+ 63. Kc3 Kb6 64. b3 Kb5 65. a4+ Kc5 66. Rg3 Rf4 67. b4+ Kb6 68. a5+ Ka6 69. Rg5 Rh4 70. Rg7 Rh1 71. Rc7 Rc1+ 72. Kd4 Rc2 73. Ke5 Rc4 1/2-1/2

[Event "Regionalliga Mittelrhein 1213"]
[Site "Germany"]
[Date "2012.09.09"]
[Round "1.2"]
[White "Brandt, Sebastian"]
[Black "Florstedt, Johannes"]
[Result "1-0"]
[WhiteElo "2116"]
[BlackElo "2063"]
[PlyCount "83"]
[EventDate "2012.09.09"]
[EventType "team"]
[EventRounds "11"]
[EventCountry "GER"]
[SourceTitle "EXT 2015"]
[Source "ChessBase"]
[SourceDate "2014.11.20"]
[SourceVersion "1"]
[SourceVersionDate "2014.11.20"]
[SourceQuality "1"]
[WhiteTeam "Godesberg IV"]
[BlackTeam "Godesberg III"]
[WhiteTeamCountry "GER"]
[BlackTeamCountry "GER"]

1. e4 e6 2. d4 d5 3. Nc3 Nf6 4. e5 Nfd7 5. Qg4 c5 6. Nb5 cxd4 7. Nf3 Nc6 8. Bf4 Qa5+ 9. Bd2 Qb6 10. Nd6+ Bxd6 11. Qxg7 Rf8 12. exd6 Qxb2 13. Rc1 Qxa2 14. Nxd4 Nxd4 15. Qxd4 Qa3 16. Bb5 Rg8 17. 0-0 Qxd6 18. Rfe1 Qe7 19. h4 Kd8 20. c4 Qf6 21. Bg5 Rxg5 22. Qxf6+ Nxf6 23. hxg5 Ne4 24. cxd5 exd5 25. Rcd1 Nc3 26. Re8+ Kc7 27. Rc1 d4 28. Bd3 b6 29. Re4 Kd6 30. Rxd4+ Ke5 31. Rc4 Na2 32. Ra1 Be6 33. Rxa2 Bxc4 34. Bxc4 a5 35. Rb2 Kd4 36. Bxf7 Rb8 37. Rb5 a4 38. Rb4+ Kc3 39. Rxa4 b5 40. Rh4 b4 41. Rxh7 b3 42. Rh3+ 1-0

[Event "Bad Godesberg op 16th"]
[Site "Bad Godesberg"]
[Date "2012.07.13"]
[Round "7"]
[White "Brandt, Sebastian"]
[Black "Broehl, Stephan"]
[Result "1-0"]
[WhiteElo "2043"]
[BlackElo "2131"]
[PlyCount "53"]
[EventDate "2012.07.07"]
[EventType "swiss"]
[EventRounds "9"]
[EventCountry "GER"]
[SourceTitle "CBM 149 Extra"]
[Source "ChessBase"]
[SourceDate "2012.08.24"]
[SourceVersion "1"]
[SourceVersionDate "2012.08.24"]
[SourceQuality "1"]

1. e4 c6 2. d4 d5 3. f3 e6 4. Nc3 Bb4 5. a3 Bxc3+ 6. bxc3 dxe4 7. Nh3 e5 8. Ng5 Nf6 9. Bc4 0-0 10. 0-0 e3 11. dxe5 Nd5 12. f4 h6 13. Ne4 Qh4 14. Bxd5 cxd5 15. Ng3 Bg4 16. Qd3 Nc6 17. Bxe3 Rad8 18. Bc5 Rfe8 19. Bd6 Be6 20. Qb5 Ne7 21. Bc7 Rd7 22. f5 a6 23. fxe6 axb5 24. exd7 Ra8 25. d8Q+ Rxd8 26. Bxd8 Qg5 27. Nf5 1-0

[Event "Mittelrhein Verbandsliga-O 1112"]
[Site "Germany"]
[Date "2012.05.06"]
[Round "10"]
[White "Thalwitzer, David"]
[Black "Brandt, Sebastian"]
[Result "0-1"]
[WhiteElo "2072"]
[BlackElo "2018"]
[PlyCount "132"]
[EventDate "2011.09.18"]
[EventType "team-tourn"]
[EventRounds "11"]
[EventCountry "GER"]
[SourceTitle "EXT 2013"]
[Source "ChessBase"]
[SourceDate "2012.11.22"]
[SourceVersion "1"]
[SourceVersionDate "2012.11.22"]
[SourceQuality "1"]
[WhiteTeam "Koeln Porz III"]
[BlackTeam "Godesberg IV"]
[WhiteTeamCountry "GER"]
[BlackTeamCountry "GER"]

1. e4 c5 2. c3 Nf6 3. e5 Nd5 4. d4 cxd4 5. Nf3 Nc6 6. Bc4 Nb6 7. Bb3 g6 8. cxd4 Bg7 9. 0-0 0-0 10. Bf4 d6 11. h3 a5 12. Nc3 dxe5 13. dxe5 a4 14. Bd5 Nxd5 15. Qxd5 Qb6 16. Qb5 Qxb5 17. Nxb5 Ra5 18. Nc3 a3 19. bxa3 Rxa3 20. Nd5 Bxh3 21. Bg5 Rxf3 22. gxh3 Bxe5 23. Rab1 Rb8 24. Bxe7 Rxh3 25. Nf6+ Kg7 26. Nd7 Nxe7 27. Nxe5 b5 28. Rfd1 Rb7 29. Nd3 Rd7 30. Rb3 Nf5 31. Kg2 Rh5 32. Rb4 Ne7 33. Re1 Rg5+ 34. Kf1 Nc6 35. Rb3 Nd4 36. Rb2 Nf3 37. Re3 Rg1+ 38. Ke2 Nd4+ 39. Kd2 Rg5 40. Ke1 Rc7 41. Re4 Nf3+ 42. Ke2 Rf5 43. Kf1 h5 44. Reb4 Rd7 45. Ke2 h4 46. Rf4 Ng1+ 47. Kf1 Rxd3 48. Rxf5 Rd1+ 49. Kg2 gxf5 50. Rxb5 Ne2 51. a4 Rg1+ 52. Kh2 Ra1 53. Rb4 Nc3 54. Rc4 Nxa4 55. Rxh4 Nc5 56. Rb4 Ra2 57. Kg3 Ne4+ 58. Kh4 Rxf2 59. Kh3 Kg6 60. Rb8 Rd2 61. Re8 Ng5+ 62. Kh4 Rd4+ 63. Kg3 Rg4+ 64. Kh2 f4 65. Rb8 Nf3+ 66. Kh3 Rg3# 0-1

[Event "Mittelrhein Verbandsliga-O 1112"]
[Site "Germany"]
[Date "2011.09.18"]
[Round "1"]
[White "Vossen, Klaus"]
[Black "Brandt, Sebastian"]
[Result "0-1"]
[WhiteElo "1975"]
[BlackElo "2018"]
[PlyCount "86"]
[EventDate "2011.09.18"]
[EventType "team-tourn"]
[EventRounds "11"]
[EventCountry "GER"]
[SourceTitle "EXT 2013"]
[Source "ChessBase"]
[SourceDate "2012.11.22"]
[SourceVersion "1"]
[SourceVersionDate "2012.11.22"]
[SourceQuality "1"]
[WhiteTeam "Hennef"]
[BlackTeam "Godesberg IV"]
[WhiteTeamCountry "GER"]
[BlackTeamCountry "GER"]

1. d4 Nf6 2. Nf3 c5 3. d5 b5 4. c4 e6 5. Bg5 Bb7 6. e4 Qa5+ 7. Qd2 Qxd2+ 8. Nfxd2 b4 9. Bd3 Be7 10. Nf3 d6 11. Nbd2 h6 12. Bh4 Nbd7 13. h3 0-0 14. g4 Rae8 15. 0-0-0 Kh8 16. Kb1 e5 17. Bxf6 Nxf6 18. Rdg1 Bc8 19. Nf1 Rg8 20. Ne3 Nh7 21. h4 Nf8 22. Bc2 Bd7 23. Rg3 Ng6 24. Kc1 Bd8 25. Kd1 Be7 26. Ng2 Nf4 27. Ng1 g6 28. Ne2 Nxg2 29. Rxg2 f5 30. f3 fxg4 31. fxg4 Ref8 32. g5 hxg5 33. hxg5+ Kg7 34. Ng1 Rf1+ 35. Ke2 Rgf8 36. Rh4 R1f4 37. Rxf4 Rxf4 38. Ke3 Bg4 39. Ne2 Rf3+ 40. Kd2 Bxg5+ 41. Ke1 Bh4+ 42. Kd2 Bh3 43. Rh2 Bg5+ 0-1